| 000 | 00787cab a2200253 4500 | ||
|---|---|---|---|
| 001 | WB3427-23 | ||
| 008 | 090401t1998 xxu||||| |||| 00| 0 eng d | ||
| 035 | _a(Sirsi) u87441 | ||
| 041 | _aeng | ||
| 245 | _aEstate owners lose ramblers battle | ||
| 260 | _c1998 | ||
| 350 | _a0 | ||
| 490 |
_aSunday Times _v12 July 1998, 1:5(1) |
||
| 520 | _aGovernment is expected to introduce legislation in Autumn 1998 forcing private landowners and farmers to open up land to the general public. The CLA continues with its voluntary code campaign. | ||
| 650 | _aACCESS TO THE COUNTRYSIDE | ||
| 650 | _aCLA | ||
| 650 | _aGOVERNMENT POLICY | ||
| 650 | _aLANDOWNERS | ||
| 650 | _aRIGHT TO ROAM | ||
| 650 | _aVOLUNTARY AGREEMENTS | ||
| 690 | _aLAND | ||
| 942 | _n0 | ||
| 948 | _c16/07/1998 | ||
| 999 |
_c55147 _d55147 |
||